000 00388nam a22001337a 4500
082 _a823
_bBAN/K
100 _aBANSAL, SUNITHA PANT
245 _aTHE KIND FOREST FAIRY, AND OTHER STORIES
246 _aTHE KIND FOREST FAIRY, AND OTHER STORIES
_bTHE KIND FOREST FAIRY, AND OTHER STORIES
260 _aINDIA
_bSHREE BOOK CENTRE
_c2017
300 _a32
650 _aENGLISH STORY
942 _cBK
999 _c8915
_d8915